[Event "FRA-chT U20 0405"]
[Site "Agneaux"]
[Date "2004.12.20"]
[Round "6.3"]
[White "Teixeira, Andre"]
[Black "Bollard, Maxime"]
[Result "0-1"]
[WhiteElo "1740"]
[BlackElo "1840"]
[PlyCount "116"]
[EventDate "2004.12.16"]
[EventType "team"]
[EventRounds "7"]
[EventCountry "FRA"]
[SourceTitle "EXT 2006"]
[Source "ChessBase"]
[SourceDate "2005.11.24"]
[SourceVersion "1"]
[SourceVersionDate "2005.11.24"]
[SourceQuality "1"]
[WhiteTeam "AECE"]
[BlackTeam "Agneaux Saint Lo"]
[WhiteTeamCountry "FRA"]
[BlackTeamCountry "FRA"]

1. e4 e6 2. d4 d5 3. Nc3 Bb4 4. a3 Bxc3+ 5. bxc3 Ne7 6. e5 c5 7. f4 Nf5 8. Nf3 c4 9. Be2 Qa5 10. Bd2 Bd7 11. 0-0 Na6 12. Qe1 Ba4 13. Ra2 Nc7 14. Qb1 0-0 15. g4 Ne7 16. h4 Bc6 17. Qb4 Qxb4 18. cxb4 Ba4 19. Rd1 Nb5 20. h5 Nc6 21. Be1 f5 22. g5 g6 23. h6 a5 24. Kf2 axb4 25. axb4 Nc7 26. Bc3 Nb5 27. Be1 Ra7 28. Kf1 Rfa8 29. Kf2 Nc7 30. Bc3 Bb5 31. Rxa7 Rxa7 32. Ra1 Rxa1 33. Bxa1 Nxb4 34. c3 Nc6 35. Nd2 Ba4 36. Ke1 b5 37. Bd1 Bxd1 38. Kxd1 b4 39. cxb4 Nxb4 40. Bc3 Nd3 41. Nf3 Nxf4 42. Ne1 Nh3 43. Nf3 Nf2+ 44. Ke2 Ne4 45. Ba1 Nb5 46. Ke3 Kf7 47. Bb2 Ng3 48. Kf2 Nh5 49. Kg2 Nf4+ 50. Kf1 Nd3 51. Ba1 c3 52. Ne1 Nxe1 53. Kxe1 Nxd4 54. Bxc3 Nf3+ 55. Kf2 Nxg5 56. Ke3 Ne4 57. Bd4 g5 58. Kf3 Kg6 0-1

[Event "FRA-chT U20 0203"]
[Site "Clichy"]
[Date "2003.05.04"]
[Round "11.6"]
[White "Margenstern, Rodolphe"]
[Black "Teixeira, Andre"]
[Result "1-0"]
[WhiteElo "1600"]
[BlackElo "1580"]
[PlyCount "73"]
[EventDate "2002.12.??"]
[EventType "team"]
[EventRounds "11"]
[EventCountry "FRA"]
[SourceTitle "EXT 2004"]
[Source "ChessBase"]
[SourceDate "2003.11.25"]
[SourceVersion "1"]
[SourceVersionDate "2003.11.25"]
[SourceQuality "1"]
[WhiteTeam "Creteil"]
[BlackTeam "AECE"]
[WhiteTeamCountry "FRA"]
[BlackTeamCountry "FRA"]

1. e4 c5 2. Nf3 d6 3. d4 cxd4 4. Nxd4 Nf6 5. Nc3 g6 6. Be3 Bg7 7. Bc4 0-0 8. Bb3 Nc6 9. f3 Nd7 10. Qd2 Na5 11. Bh6 Nb6 12. Bxg7 Kxg7 13. 0-0-0 Nbc4 14. Bxc4 Nxc4 15. Qd3 Ne5 16. Qe3 Qb6 17. Nd5 Qd8 18. h4 Qa5 19. Nc3 b5 20. Nb3 Qc7 21. Qd4 Qc4 22. Nd5 e6 23. Ne3 Qxd4 24. Nxd4 a6 25. Nb3 Rd8 26. f4 Nc6 27. Rd2 Ra7 28. Rhd1 Rad7 29. c4 Ne7 30. cxb5 axb5 31. Kb1 Bb7 32. Nc5 Rc7 33. Nxb7 Rxb7 34. Rxd6 Rc8 35. Rc1 Ra8 36. Rc5 Ra4 37. Re5 1-0

[Event "FRA-chT U20 0203"]
[Site "Clichy"]
[Date "2003.05.03"]
[Round "10.5"]
[White "Schaeffer, Vincent"]
[Black "Teixeira, Andre"]
[Result "1-0"]
[WhiteElo "1580"]
[BlackElo "1580"]
[PlyCount "105"]
[EventDate "2002.12.??"]
[EventType "team"]
[EventRounds "11"]
[EventCountry "FRA"]
[SourceTitle "EXT 2004"]
[Source "ChessBase"]
[SourceDate "2003.11.25"]
[SourceVersion "1"]
[SourceVersionDate "2003.11.25"]
[SourceQuality "1"]
[WhiteTeam "Bischwiller"]
[BlackTeam "AECE"]
[WhiteTeamCountry "FRA"]
[BlackTeamCountry "FRA"]

1. e4 c5 2. Nf3 d6 3. d4 cxd4 4. Nxd4 Nf6 5. Nc3 g6 6. Be2 Bg7 7. Nb3 0-0 8. f3 Nc6 9. Be3 Bd7 10. Qd2 Rc8 11. Bh6 Ne5 12. Bxg7 Kxg7 13. g4 Nc4 14. Bxc4 Rxc4 15. h4 h5 16. gxh5 Nxh5 17. Rg1 b5 18. Qg5 Rh8 19. a3 a5 20. 0-0-0 b4 21. axb4 Rxb4 22. Qxa5 Qxa5 23. Nxa5 Rhb8 24. b3 Nf4 25. e5 Rc8 26. Kb2 Bf5 27. exd6 exd6 28. Rxd6 Rbb8 29. Rd2 Rc5 30. Ra1 Rbc8 31. Ne4 Bxe4 32. fxe4 Re5 33. Rd4 Rce8 34. Raa4 Ne2 35. Rdc4 Ng3 36. Nc6 Rxe4 37. Rxe4 Rxe4 38. Rxe4 Nxe4 39. b4 Kh6 40. Ne5 f5 41. Nf3 Ng3 42. b5 Ne4 43. b6 Nc5 44. Ka3 Kh5 45. Kb4 Nb7 46. c4 Kg4 47. Ne5+ Kh5 48. c5 Kxh4 49. Nxg6+ Kg5 50. Ne5 Kf6 51. Nf3 Ke6 52. c6 Nd8 53. Kc5 1-0

[Event "FRA-chT U20 0203"]
[Site "Clichy"]
[Date "2003.01.04"]
[Round "5.6"]
[White "Fortin, Marie"]
[Black "Teixeira, Andre"]
[Result "0-1"]
[WhiteElo "1460"]
[BlackElo "1560"]
[PlyCount "104"]
[EventDate "2002.12.??"]
[EventType "team"]
[EventRounds "11"]
[EventCountry "FRA"]
[SourceTitle "EXT 2004"]
[Source "ChessBase"]
[SourceDate "2003.11.25"]
[SourceVersion "1"]
[SourceVersionDate "2003.11.25"]
[SourceQuality "1"]
[WhiteTeam "Pau"]
[BlackTeam "AECE"]
[WhiteTeamCountry "FRA"]
[BlackTeamCountry "FRA"]

1. e4 c5 2. Nf3 d6 3. d4 cxd4 4. Nxd4 Nf6 5. Nc3 g6 6. Be3 Bg7 7. Bc4 0-0 8. f3 Nc6 9. Nde2 Bd7 10. Qd2 a6 11. Bh6 b5 12. Bb3 Qc7 13. a3 Rac8 14. Bxg7 Kxg7 15. g4 Ne5 16. Kf2 a5 17. h4 e6 18. g5 Nh5 19. Ng3 Nxg3 20. Kxg3 d5 21. Kg2 dxe4 22. Nxe4 a4 23. Ba2 Qxc2 24. Qf2 Qxf2+ 25. Nxf2 Rc2 26. Rab1 Nd3 27. Rhf1 Rxb2 28. Rxb2 Nxb2 29. Rb1 Nc4 30. Bxc4 bxc4 31. Rb4 c3 32. Rc4 Rc8 33. Rxc8 Bxc8 34. Nd3 c2 35. Nc1 e5 36. Kf2 Be6 37. Ke3 h6 38. f4 hxg5 39. fxg5 f5 40. gxf6+ Kxf6 41. Kd2 Bb3 42. Ke2 Kf5 43. Kf3 Bd5+ 44. Kg3 Ke4 45. Kf2 Kd4 46. Ke2 Ke4 47. Kf2 Kf4 48. Nd3+ Kg4 49. Nxe5+ Kxh4 50. Nd3 Kh3 51. Ke2 Bc4 52. Kd2 Bxd3 0-1

[Event "FRA-chT U20 0203"]
[Site "Clichy"]
[Date "2003.01.04"]
[Round "6.6"]
[White "Teixeira, Andre"]
[Black "Magnin, Guillaume"]
[Result "1/2-1/2"]
[WhiteElo "1560"]
[BlackElo "1430"]
[PlyCount "40"]
[EventDate "2002.12.??"]
[EventType "team"]
[EventRounds "11"]
[EventCountry "FRA"]
[SourceTitle "EXT 2004"]
[Source "ChessBase"]
[SourceDate "2003.11.25"]
[SourceVersion "1"]
[SourceVersionDate "2003.11.25"]
[SourceQuality "1"]
[WhiteTeam "AECE"]
[BlackTeam "Avignon"]
[WhiteTeamCountry "FRA"]
[BlackTeamCountry "FRA"]

1. e4 d6 2. d4 Nf6 3. Nc3 g6 4. Nf3 Bg7 5. Be3 c6 6. Qd2 b5 7. a3 Bb7 8. Bd3 Qc7 9. h4 h5 10. 0-0 Ng4 11. Bf4 Bh6 12. Bxh6 Nxh6 13. Ne2 Ng4 14. c4 a6 15. Rac1 Qd8 16. Qc3 0-0 17. cxb5 axb5 18. e5 dxe5 19. dxe5 e6 20. Qc2 Kg7 1/2-1/2

[Event "FRA-chT 0102 U18"]
[Site "France"]
[Date "2002.05.09"]
[Round "9.6"]
[White "Teixeira, Andre"]
[Black "Emeriau, Boris"]
[Result "1-0"]
[WhiteElo "1470"]
[BlackElo "1660"]
[PlyCount "83"]
[EventDate "2001.10.??"]
[EventType "team"]
[EventRounds "11"]
[EventCountry "FRA"]
[SourceTitle "EXT 2003"]
[Source "ChessBase"]
[SourceDate "2002.11.25"]
[SourceVersion "1"]
[SourceVersionDate "2002.11.25"]
[SourceQuality "1"]
[WhiteTeam "AECE"]
[BlackTeam "Sautron"]
[WhiteTeamCountry "FRA"]
[BlackTeamCountry "FRA"]

1. e4 e5 2. Nf3 Nc6 3. Bc4 Be7 4. 0-0 d6 5. h3 Nf6 6. Nc3 0-0 7. d4 exd4 8. Nxd4 Nxe4 9. Nxe4 d5 10. Bb3 dxe4 11. Nxc6 bxc6 12. Qxd8 Rxd8 13. Re1 Bf5 14. f3 Bc5+ 15. Be3 Bxe3+ 16. Rxe3 exf3 17. Rxf3 Bg6 18. Rc3 Rd6 19. Re1 Kf8 20. g4 Re8 21. Rce3 Rxe3 22. Rxe3 Rd1+ 23. Kf2 Bxc2 24. Bxc2 Rd2+ 25. Re2 Rxe2+ 26. Kxe2 Ke7 27. Bxh7 g6 28. h4 Kf8 29. h5 Kg7 30. hxg6 fxg6 31. Bxg6 Kxg6 32. Kd3 Kg5 33. Kc4 Kxg4 34. Kc5 Kf4 35. b4 Ke4 36. a4 Ke5 37. a5 a6 38. Kxc6 Kd4 39. Kxc7 Kc4 40. Kb6 Kc3 41. Kxa6 Kxb4 42. Kb6 1-0

[Event "FRA-chT 0102 U18"]
[Site "France"]
[Date "2002.01.05"]
[Round "6.6"]
[White "Paul, Victor Emmanuel"]
[Black "Teixeira, Andre"]
[Result "1-0"]
[WhiteElo "1750"]
[BlackElo "1009"]
[PlyCount "57"]
[EventDate "2001.10.??"]
[EventType "team"]
[EventRounds "11"]
[EventCountry "FRA"]
[SourceTitle "EXT 2003"]
[Source "ChessBase"]
[SourceDate "2002.11.25"]
[SourceVersion "1"]
[SourceVersionDate "2002.11.25"]
[SourceQuality "1"]
[WhiteTeam "Cannes"]
[BlackTeam "AECE"]
[WhiteTeamCountry "FRA"]
[BlackTeamCountry "FRA"]

1. e4 c5 2. Nf3 d6 3. d4 cxd4 4. Nxd4 Nf6 5. Nc3 g6 6. Be3 Bg7 7. f3 Nc6 8. Qd2 0-0 9. 0-0-0 d5 10. Nxc6 bxc6 11. exd5 Nxd5 12. Nxd5 cxd5 13. Qxd5 Qxd5 14. Rxd5 Be6 15. Ra5 Rfb8 16. b3 Bf5 17. Bc4 Rd8 18. Rd1 Bb2+ 19. Kxb2 Rxd1 20. Bd5 Rd8 21. Bc4 Re1 22. Bh6 Rd7 23. Rb5 Rd8 24. Rb7 Rh1 25. Rxe7 Rxh2 26. Rxf7 Kh8 27. Bg7+ Kg8 28. Rd7+ Be6 29. Bxe6# 1-0

[Event "FRA-chT 0102 U18"]
[Site "France"]
[Date "2002.01.04"]
[Round "4.6"]
[White "Forestier, Carole"]
[Black "Teixeira, Andre"]
[Result "1-0"]
[WhiteElo "1520"]
[BlackElo "1009"]
[PlyCount "111"]
[EventDate "2001.10.??"]
[EventType "team"]
[EventRounds "11"]
[EventCountry "FRA"]
[SourceTitle "EXT 2003"]
[Source "ChessBase"]
[SourceDate "2002.11.25"]
[SourceVersion "1"]
[SourceVersionDate "2002.11.25"]
[SourceQuality "1"]
[WhiteTeam "Grasse"]
[BlackTeam "AECE"]
[WhiteTeamCountry "FRA"]
[BlackTeamCountry "FRA"]

1. d4 Nf6 2. Nf3 d5 3. c4 e6 4. Nc3 Nc6 5. Bg5 Be7 6. e3 0-0 7. cxd5 exd5 8. Bd3 Bg4 9. Be2 Re8 10. 0-0 Qd6 11. Nb5 Qd7 12. Bf4 Rac8 13. Ne5 Nxe5 14. Bxe5 Bxe2 15. Qxe2 a6 16. Nc3 c5 17. dxc5 Rxc5 18. Rfd1 Qe6 19. Bd4 Rc6 20. Bxf6 Bxf6 21. Nxd5 Be5 22. Qd2 Rd6 23. e4 Red8 24. f4 Bf6 25. Nxf6+ Qxf6 26. Qc2 g6 27. Rxd6 Rxd6 28. e5 Rc6 29. exf6 Rxc2 30. Rd1 h5 31. Rd8+ Kh7 32. Rd7 Rc8 33. Rxf7+ Kg8 34. Rxb7 Rf8 35. Rb6 a5 36. f7+ Kxf7 37. Ra6 Kg7 38. g3 Rb8 39. b3 Rb5 40. a4 Rc5 41. Kf1 Rc3 42. Rxa5 Rxb3 43. Ke2 Rb2+ 44. Kd3 Rxh2 45. Rb5 Rh1 46. Kc4 Rc1+ 47. Kb4 Rc8 48. Rb7+ Kf6 49. Kb5 Ke6 50. a5 Ra8 51. Kb6 Kd6 52. a6 Ke6 53. a7 Kf5 54. Rb8 Rxa7 55. Kxa7 Kg4 56. Rb3 1-0

[Event "FRA-chT 0102 U18"]
[Site "France"]
[Date "2002.??.??"]
[Round "11.6"]
[White "Teixeira, Andre"]
[Black "Chiu, Alexandre"]
[Result "0-1"]
[WhiteElo "1460"]
[BlackElo "1850"]
[PlyCount "62"]
[EventDate "2001.10.??"]
[EventType "team"]
[EventRounds "11"]
[EventCountry "FRA"]
[SourceTitle "EXT 2003"]
[Source "ChessBase"]
[SourceDate "2002.11.25"]
[SourceVersion "1"]
[SourceVersionDate "2002.11.25"]
[SourceQuality "1"]
[WhiteTeam "AECE"]
[BlackTeam "Clichy"]
[WhiteTeamCountry "FRA"]
[BlackTeamCountry "FRA"]

1. e4 e6 2. d4 d5 3. Nc3 Nf6 4. e5 Nfd7 5. f4 c5 6. Nf3 Nc6 7. Be3 cxd4 8. Nxd4 Bc5 9. a3 Nxd4 10. Bxd4 a6 11. Bxc5 Nxc5 12. b4 Nd7 13. Bd3 b5 14. Rc1 Bb7 15. Qg4 g6 16. Ne2 h5 17. Qg3 Rg8 18. Rf1 Qc7 19. Nd4 Qc3+ 20. Ke2 Qxd4 21. c3 Qb6 22. f5 h4 23. Qg5 Qd8 24. f6 Qc7 25. Qxh4 Qxe5+ 26. Kd2 0-0-0 27. Ra1 Rh8 28. Qg4 Nb6 29. Rae1 Qd6 30. h3 Nc4+ 31. Kc1 Ne5 0-1